=LDR 00000nam 2200000 4500 =001 NUTBA000000000001565 =005 20140503164556.0 =006 =007 =008 =020 ##$$a 979-448-694-9 =035 ##$$a 0010-051400000000030 =082 ##$$a 611 =100 ##$$a SNELL, RICHARD S. =245 ##$$a ANATOMI KLINIK =260 ##$$a JAKARTA $b Egc $c 2006 =440 ##$$a ANATOMI KLINIK =700 ##$$a a SNELL, RICHARD S. =850 ##$$a NBPNMAT =990 ##$$a 21195905/BPAP-NTB/2014